[Event "Challenge"]
[Site "http://www.queenalice.com/game.php?id=113270"]
[Date "2006.10.5"]
[Round "-"]
[White "shawnmathews"]
[Black "Polux"]
[Result "0-1"]
[WhiteElo "1456"]
[BlackElo "1499"]

1. d4 d5 2. c4 e6 3. Nc3 dxc4 4. e3 c6 5. Nf3 b5 6. a4 Bb4 7. Bd2 Nh6 8. g3 O-O
9. Bg2 Qf6 10. Ne4 Qe7 11. O-O Na6 12. Ne5 Bb7 13. Ng4 f5 14. Nef6+ Kh8 15. Nxh7
Kxh7 16. Ne5 Rac8 17. e4 Bxd2 18. Qxd2 c5 19. axb5 Nc7 20. Rxa7 Nxb5 21. Ra5
Nxd4 22. Ra4 Rcd8 23. Ra7 Nf3+ 24. Bxf3 Rxd2 25. Nc6 Qc7 26. exf5 Qb6 27. Raa1
Bxc6 28. Rad1 Rxb2 29. Kg2 Bxf3+ 30. Kxf3 Qb3+ 31. Kg2 Rxf5 32. Kh3 Qf3 33. Rb1
Rh5# 0-1

[Event "Challenge"]
[Site "http://www.queenalice.com/game.php?id=113793"]
[Date "2006.10.6"]
[Round "-"]
[White "kiwi1"]
[Black "shawnmathews"]
[Result "0-1"]
[WhiteElo "1256"]
[BlackElo "1339"]

1. e4 e5 2. Nf3 d5 3. exd5 Nf6 4. Nxe5 Qxd5 5. d4 Nc6 6. Bc4 Qe4+ 7. Be3 Na5 8.
Bxf7+ Ke7 9. O-O Bg4 10. Nxg4 Nxg4 11. Re1 Kxf7 12. Bd2 Qxd4 13. Be3 Qxd1 14.
Rxd1 Nc4 15. Rd7+ Be7 16. Nc3 Nxb2 17. Nd5 Rad8 18. Rxd8 Rxd8 19. Nxc7 Rd7 20.
Nb5 a6 21. Nc3 Bf6 22. Ne4 Nd1 23. Rb1 Ndxe3 24. fxe3 Be7 25. Rf1+ Ke6 26. g3
Ke5 27. Rf4 Nxe3 28. Nf2 Nxc2 29. Rf7 Nb4 30. Ng4+ Ke6 31. Rxg7 Bc5+ 32. Kg2
Rxg7 0-1

[Event "Challenge"]
[Site "http://www.queenalice.com/game.php?id=113809"]
[Date "2006.10.6"]
[Round "-"]
[White "Frankone"]
[Black "shawnmathews"]
[Result "0-1"]
[WhiteElo "1280"]
[BlackElo "1409"]

1. d4 d5 2. Nc3 Bf5 3. Nxd5 Qxd5 4. c3 Nc6 5. Nf3 Nf6 6. Bf4 O-O-O 7. Ng5 Ne4 8.
h4 f6 9. Qb3 fxg5 10. Qxd5 Rxd5 11. hxg5 g6 12. b4 Nxc3 13. Kd2 Rxd4+ 14. Ke3
Bg7 15. Kf3 Rxb4 16. a3 Re4 17. e3 e5 18. Bd3 Ra4 19. e4 Nd4+ 20. Kg3 exf4+ 21.
Kxf4 Ne6+ 22. Kg3 Be5+ 23. Kh4 Bxe4 24. Rac1 Bf5+ 25. f4 Rxf4+ 26. Kg3 Rf1+ 27.
Kh4 Rf4+ 28. g4 Rxg4+ 29. Kh3 Nxg5# 0-1

[Event "Challenge"]
[Site "http://www.queenalice.com/game.php?id=113810"]
[Date "2006.10.6"]
[Round "-"]
[White "shawnmathews"]
[Black "Frankone"]
[Result "1-0"]
[WhiteElo "1365"]
[BlackElo "1293"]

1. e4 e5 2. Nf3 f6 3. Bc4 d6 4. d4 c6 5. d5 Qa5+ 6. c3 Qc5 7. Nbd2 g5 8. b4 Qb6
9. Nb3 Nh6 10. Be3 Qc7 11. O-O b5 12. Be2 g4 13. Nh4 cxd5 14. Bxb5+ Bd7 15. Qxd5
Nc6 16. Na5 Rb8 17. Nxc6 Rb6 18. Bxb6 axb6 19. a4 Nf7 20. a5 bxa5 21. Rxa5 Rg8
22. Ra8+ Bc8 23. Na7+ Qd7 24. Rxc8+ Ke7 25. Nf5+ Qxf5 26. Re8# 1-0

[Event "Challenge"]
[Site "http://www.queenalice.com/game.php?id=115995"]
[Date "2006.10.12"]
[Round "-"]
[White "shawnmathews"]
[Black "prodomus"]
[Result "1-0"]
[WhiteElo "1353"]
[BlackElo "1211"]

1. e4 Nf6 2. Bc4 d5 3. exd5 Nxd5 4. d3 c6 5. d4 Na6 6. Nf3 Bg4 7. h3 Qa5+ 8. Bd2
Nab4 9. hxg4 g6 10. O-O Nf6 11. g5 Ng4 12. a3 b5 13. Bxb4 Qc7 14. Ne5 h6 15.
Bxf7+ Kd8 16. Qxg4 h5 17. Qe6 a5 18. Nxc6+ Qxc6 19. Qxc6 e6 20. Qxa8+ Kd7 21.
Bxa5 Ke7 22. Be8 h4 23. Qd8# 1-0

[Event "Challenge"]
[Site "http://www.queenalice.com/game.php?id=117099"]
[Date "2006.10.14"]
[Round "-"]
[White "AAmorim"]
[Black "shawnmathews"]
[Result "0-1"]
[WhiteElo "1563"]
[BlackElo "1339"]

1. e4 Nc6 2. Bb5 Nd4 3. c4 Nf6 4. e5 Ne4 5. Qg4 Nc2+ 6. Kd1 Nxf2+ 7. Kxc2 Nxg4
8. d4 Nf2 9. Nc3 c6 10. h4 Nxh1 11. Ba4 Qb6 12. c5 Qb4 0-1

[Event "Star game"]
[Site "http://www.queenalice.com/game.php?id=118705"]
[Date "2006.10.19"]
[Round "-"]
[White "edermachado"]
[Black "shawnmathews"]
[Result "1-0"]
[WhiteElo "1384"]
[BlackElo "1492"]

1. b3 e5 2. Bb2 Nc6 3. Na3 Nf6 4. c3 d5 5. Qc2 Bc5 6. O-O-O Ng4 7. f3 Nf2 8. g3
Nxh1 9. Nh3 Nf2 10. Nxf2 Bxf2 11. Kb1 Bg1 12. h3 Bh2 13. g4 g6 14. d4 f5 15. g5
Qxg5 16. Bc1 Bf4 17. h4 Qxh4 18. e3 Bg3 19. dxe5 Bxe5 20. Kb2 Be6 21. Bb5 g5 22.
Ba4 O-O-O 23. Nb5 Nb4 24. Qd2 a6 25. Nd4 b5 26. Nxb5 axb5 27. Bxb5 c6 28. Ba4
Na6 29. Bxc6 Rd6 30. Bb5 Nc5 31. Kc2 Rb6 32. Be2 f4 33. exf4 Bxf4 34. Qd4 Bf5+
35. Kb2 Bxc1+ 36. Rxc1 Na4+ 37. Ka3 Re8 38. Qxa4 Rxe2 39. Qa8+ Kc7 40. Qa7+ Rb7
41. Qa8 Rxa2+ 42. Kxa2 Qf2+ 43. Ka3 1-0

[Event "Challenge"]
[Site "http://www.queenalice.com/game.php?id=119897"]
[Date "2006.10.22"]
[Round "-"]
[White "AAmorim"]
[Black "shawnmathews"]
[Result "0-1"]
[WhiteElo "1560"]
[BlackElo "1353"]

1. e4 e5 2. Nf3 Nc6 3. Bb5 a6 4. Bxc6 bxc6 5. Nxe5 Qg5 6. Nf3 Qxg2 7. Ke2 Bc5 8.
d4 Bd6 9. Qg1 Qg6 10. Qxg6 hxg6 11. Nc3 Nf6 12. e5 Nh5 13. exd6 cxd6 14. Ne4 Ke7
15. Bf4 d5 16. Bg5+ f6 17. Bxf6+ gxf6 18. Nh4 dxe4 19. Nxg6+ Kf7 20. Nxh8+ Kg7
21. Ke3 d5 22. Rhg1+ Kxh8 23. b3 f5 24. Rg5 Nf6 25. Rg6 Ng4+ 26. Kf4 c5 27. dxc5
Nxf2 28. Rag1 Nh3+ 29. Ke5 Nxg1 30. Rxg1 e3 31. Kf6 Bd7 32. Rg7 e2 33. Rg1 Re8
34. Re1 f4 35. Kf7 f3 36. Rg1 f2 37. Rg5 f1=Q+ 38. Kg6 Rg8+ 39. Kh5 Qh3# 0-1

[Event "ONE"]
[Site "http://www.queenalice.com/game.php?id=120636"]
[Date "2006.10.24"]
[Round "-"]
[White "shawnmathews"]
[Black "Loro"]
[Result "0-1"]
[WhiteElo "1364"]
[BlackElo "1372"]

1. d4 d5 2. Bf4 g5 3. Bxg5 Bh6 4. Nf3 f6 5. Bxh6 Nxh6 6. e3 Qd6 7. Nc3 Qb6 8.
Nxd5 Qa5+ 9. Nc3 Nc6 10. Bc4 Qb4 11. Bb3 Bf5 12. O-O Ng4 13. Nd5 Qd6 14. Nh4
Qxh2# 0-1

[Event "Play again"]
[Site "http://www.queenalice.com/game.php?id=121775"]
[Date "2006.10.26"]
[Round "-"]
[White "shawnmathews"]
[Black "Loro"]
[Result "1-0"]
[WhiteElo "1398"]
[BlackElo "1263"]

1. d4 e6 2. e4 d5 3. e5 c5 4. Bb5+ Nd7 5. Nd2 a6 6. Be2 Nh6 7. Ndf3 Nf5 8. c3 b5
9. Nh3 cxd4 10. cxd4 Be7 11. O-O O-O 12. g3 Bb4 13. a3 Ba5 14. b4 Bb6 15. a4
bxa4 16. Rxa4 Nxd4 17. Nxd4 Nxe5 18. b5 a5 19. Ba3 Bd7 20. Nf3 Ng4 21. Rxg4 f5
22. Rh4 e5 23. Bxf8 Qxf8 24. Qxd5+ Kh8 25. Nfg5 h6 26. Nf7+ Kh7 27. Nhg5+ Kg6
28. Bh5+ Kf6 29. Qxe5# 1-0

[Event "Challenge"]
[Site "http://www.queenalice.com/game.php?id=125199"]
[Date "2006.11.4"]
[Round "-"]
[White "shawnmathews"]
[Black "savage4731"]
[Result "1-0"]
[WhiteElo "1488"]
[BlackElo "1640"]

1. d4 d5 2. c4 e6 3. Nc3 c5 4. Bf4 Nc6 5. Nb5 e5 6. dxe5 Be6 7. e3 a6 8. Nc3
Nge7 9. Nf3 Ng6 10. cxd5 Nxf4 11. exf4 Bxd5 12. Nxd5 Qd7 13. Qb3 c4 14. Qxc4
O-O-O 15. Nb6+ Kc7 16. Nxd7 Rxd7 17. Ng5 Bb4+ 18. Ke2 Rd2+ 19. Kf3 Rhd8 20.
Qxf7+ Kb8 21. Ne6 Nxe5+ 22. fxe5 R2d7 23. Nxd8 Rxd8 24. e6 Rf8 25. Qxf8+ Bxf8
26. Rd1 Be7 27. Rd7 Bf6 28. Bd3 h6 29. e7 Bxe7 30. Rxe7 1-0

[Event "Challenge"]
[Site "http://www.queenalice.com/game.php?id=126198"]
[Date "2006.11.7"]
[Round "-"]
[White "shawnmathews"]
[Black "sanabas"]
[Result "1-0"]
[WhiteElo "1420"]
[BlackElo "1435"]

1. d4 Nf6 2. Bf4 g6 3. e4 Nxe4 4. Nf3 d5 5. Na3 Bg4 6. Nb5 Nd6 7. h3 Bxf3 8.
Qxf3 c6 9. Be5 f6 10. Nxd6+ Kd7 11. Qg4+ f5 12. Qf4 Rg8 13. Nxb7 g5 14. Qxf5+ e6
15. Qf7+ Be7 16. Nc5+ Kc8 17. Qxe6+ Nd7 18. Ba6# 1-0

[Event "Challenge"]
[Site "http://www.queenalice.com/game.php?id=126313"]
[Date "2006.11.7"]
[Round "-"]
[White "AAmorim"]
[Black "shawnmathews"]
[Result "0-1"]
[WhiteElo "1516"]
[BlackElo "1437"]

1. e4 Nc6 2. Nc3 e5 3. Bb5 Nd4 4. Bc4 Qg5 5. d3 Qxg2 6. Qh5 d5 7. Qxe5+ Ne7 8.
Nxd5 Nxc2+ 9. Kd1 Bg4+ 10. f3 Bxf3+ 11. Nxf3 Rc8 12. Bb3 f6 13. Qe6 Kd8 14. Ne1
Nd4 15. Qf7 Qe2# 0-1

[Event "Play Again, one more time! XD"]
[Site "http://www.queenalice.com/game.php?id=127770"]
[Date "2006.11.10"]
[Round "-"]
[White "shawnmathews"]
[Black "Loro"]
[Result "1-0"]
[WhiteElo "1477"]
[BlackElo "1351"]

1. d4 e6 2. e3 Bd6 3. Qg4 Bb4+ 4. Bd2 f5 5. Qxg7 Bf8 6. Qxh8 Nf6 7. Bb4 d6 8. d5
Na6 9. Bc3 Qe7 10. Bxf6 Qf7 11. Nf3 h6 12. Nd4 exd5 13. Nc3 Bd7 14. Bb5 Nc5 15.
Nxf5 a6 16. Ng7+ Qxg7 17. Bxg7 Ke7 18. Nxd5+ Kf7 19. Bxf8 Rxf8 20. Qf6+ Kg8 21.
Ne7+ Kh7 22. Qg6+ Kh8 23. Qxh6# 1-0